| 000 | 00000nam##2200000za#4500 |
| 001 | 9.597821 |
| 003 | CaOODSP |
| 005 | 20210624204232 |
| 007 | cr ||||||||||| |
| 008 | 150406|2004||||xxc|||||o f|0| 0 fre|d |
| 040 | |aCaOODSP|bfre |
| 043 | |an-cn--- |
| 086 | 1 |aTU3-5/04-5F-PDF |
| 110 | 2 |aBureau de la sécurité des transports du Canada. |
| 245 | 10|aRupture de l'essieu du train avant de l'Airbus A321–211 C–GJWI exploité par Air Canada à l'aéroport international Lester B. Pearson de Toronto (Ontario), le 19 janvier 2004 |h[ressource électronique] |
| 260 | |aGatineau - Québec : |bBureau de la sécurité des transports du Canada |c[2005]. |
| 300 | |a7p.|bill., photographies |
| 490 | 1 |aRapport d'enquête aéronautique |vA04O0016 |
| 590 | |a10-05-Supp|b2010-07-20 |
| 691 | 07|aAccident d'avion|2gcpds |
| 775 | 08|tNosewheel axle failure - Air Canada Airbus A321–211, C–GJWI, Toronto/Lester B. Pearson International Airport, Toronto, Ontario, 19 January 2004 |w(CaOODSP)9.566304 |
| 830 | #0|aRapport d'enquête aéronautique ;|vA04O0016|w(CaOODSP)9.501229 |
| 856 | 40|ahttp://publications.gc.ca|qPDF|s519 Ko|uhttps://publications.gc.ca/collections/collection_2009/bst-tsb/TU3-5-04-5F.pdf|yA04O0016 |